000 01120cam a2200313 a 4500
001 4905828
003 PILC
005 20150112093433.0
008 940407s1994 miua b 001 0 eng
010 _a 94016272
020 _a086612084X
040 _aDLC
_cDLC
_dDLC
043 _an-us---
050 0 0 _aTX 911.3.S3
_b.C52 1994
082 0 0 _aHSF 647.95
_bC48 1994
100 1 _aCichy, Ronald F.
_913315
245 1 0 _aQuality sanitation management /
_cRonald F. Cichy
260 _aEast Lansing, Mich. :
_bEducational Institute of the American Hotel & Motel Association,
_c1994.
300 _a448 pages :
_billustration ;
_c27 cm.
504 _aIncludes bibliographical references and index.
650 0 _aFood Service
_xSanitation.
_913316
650 0 _aFood service management
_zUnited States.
_913317
650 0 _aRestaurants
_xSanitation.
_913318
650 0 _aRisk management.
_99764
710 2 _aDiversey Corp.
_913319
906 _a7
_bcbc
_corignew
_d1
_eocip
_f19
_gy-gencatlg
942 _2lcc
_cBK
999 _c14447
_d14447